| 000 | 00544nam a2200169 i 4500 | ||
|---|---|---|---|
| 001 | 94285 | ||
| 003 | ES-MaACL | ||
| 005 | 20230906181437.0 | ||
| 007 | t| | ||
| 008 | 050427s1970 sp ||||1| spa d | ||
| 100 | 1 |
_aLópez Paredes, Manuel. _973865 |
|
| 245 | 1 | 0 |
_aHistoria del Barrio de Santa Lucía de Cartagena / _cManuel López Paredes; prólogo de Eduardo Cañabate Navarro. |
| 260 |
_aCartagena : _bAthenas, _c1970. |
||
| 300 |
_a59 p. ; _c19 cm. |
||
| 700 | 1 |
_aCañabate Navarro, Eduardo. _934711 |
|
| 852 |
_aES-MaACL _jC-49062 _bR.74907 |
||
| 999 |
_c94285 _d94285 |
||